00569nam a2200169Ia 4500008004100000020001500041041000800056082001800064100002000082245004000102250000600142260006500148300001200213650001700225999001900242952013800261210716s2003 xx 000 0 und d a8173667063 aeng a005.2766 LIBJ aLiberty, Jesse. aProgramming visual basic .net 2003. a1 aNew DelhibShroff Publishers and Distributors Pvt Ltdc2003 axiv,541 aVisual Basic c186415d186415 00102ddc40738MCAaAIMITbAIMITePremier Bookshopg425.00l0o005.2766 LIBJpMCA05923r2025-07-21 00:00:00v340.00w2021-07-16yBK